-
AHIRRAD, DR. R. A LOVHARE Mr. R.B , ESHI MR. R.B AND DEORE DR. S.R
Entry Personal Name
Number of records used in: 1
001 - CONTROL NUMBER
003 - CONTROL NUMBER IDENTIFIER
005 - DATE AND TIME OF LATEST TRANSACTION
- control field:
20240109131155.0
008 - FIXED-LENGTH DATA ELEMENTS
- fixed length control field:
240109|| aca||aabn | a|a d
040 ## - CATALOGING SOURCE
- Original cataloging agency:
JRU
- Transcribing agency:
JRU
100 ## - HEADING--PERSONAL NAME
- Personal name:
AHIRRAD, DR. R. A LOVHARE Mr. R.B , ESHI MR. R.B AND DEORE DR. S.R
670 ## - SOURCE DATA FOUND
- Source citation:
Work cat.: (JRU)8008: AHIRRAD, DR. R. A LOVHARE Mr. R.B , ESHI MR. R.B AND DEORE DR. S.R, NEW APPROACH TO BIOCHEMISTRY AND CLINICAL PHATHOLOGY